| 000 | 00589nam a2200205Ia 4500 | ||
|---|---|---|---|
| 003 | LK-CoDNM | ||
| 005 | 20241216151146.0 | ||
| 008 | 121123t1963 xxu||||| |||| 00| 0 sin d | ||
| 040 |
_aLK-CoDNM _dLK-CoDNM _eLK-CoDNM |
||
| 041 | _asin | ||
| 080 |
_a8S1-14/15 _bVET |
||
| 100 | _aLayanal Lokuliyana | ||
| 245 | _aගුත්තිල පැරුදියේ වග | ||
| 246 | _aGuththila Perediye Vaga | ||
| 260 |
_bM.D.Gunasena Samagama _aColombo 11 _c1963 |
||
| 300 | _b116p. ; 18 cm | ||
| 650 | _a1963 | ||
| 650 | _aකාව්යය සංග්රහය | ||
| 942 | _cBK | ||
| 999 |
_c75198 _d75198 |
||